[Event "4. Open Memorial Pedro Lezcano 2011"]
[Site "Gran Canaria ESP"]
[Date "2011.04.23"]
[Round "8.1"]
[White "Granda Zuniga, Julio E"]
[Black "Perez Felipe, Marcos Adrian"]
[Result "1-0"]
[WhiteElo "2615"]
[BlackElo "2310"]
[PlyCount "116"]
[EventDate "2011.04.18"]
[EventType "swiss"]
[EventRounds "9"]
[EventCountry "ESP"]
[Source "lmi"]
[SourceDate "2011.04.18"]

1. d4 Nf6 2. c4 e6 3. Nc3 Bb4 4. e3 O-O 5. Nge2 Ne4 6. Qc2 f5 7. a3 Bxc3+ 8.
Nxc3 Nxc3 9. Qxc3 d6 10. Be2 Qf6 11. O-O Nc6 12. b4 e5 13. Bb2 f4 14. dxe5 Nxe5
15. exf4 Qxf4 16. c5 Rf6 17. Rad1 Bg4 18. Rd4 Qxd4 19. Qxd4 Bxe2 20. Re1 Nf3+
21. gxf3 Rg6+ 22. Qg4 Re8 23. cxd6 cxd6 24. h3 Rxg4+ 25. fxg4 h5 26. f3 hxg4
27. hxg4 Bb5 28. Rc1 Re2 29. Bd4 Bc6 30. Rc3 a6 31. Bf2 Kf7 32. Kg2 g5 33. Kg3
Ke6 34. Bb6 Ke5 35. Bd8 d5 36. Bxg5 d4 37. Rd3 Bb5 38. Rd1 Ba4 39. Rd2 Rxd2 40.
Bxd2 Bc6 41. f4+ Ke4 42. f5 Bd7 43. Bh6 b5 44. Bg7 d3 45. Bh6 Bc8 46. Bd2 Bd7
47. Bc1 Bc8 48. Kh4 Bxf5 49. gxf5 Kxf5 50. Kg3 Ke4 51. Bd2 Kd4 52. Kf2 Kc4 53.
Ke3 a5 54. Ke4 a4 55. Ke3 Kb3 56. Kxd3 Kxa3 57. Kd4 Kb3 58. Kc5 a3 1-0

[Event "4. Open Memorial Pedro Lezcano 2011"]
[Site "Gran Canaria ESP"]
[Date "2011.04.23"]
[Round "8.2"]
[White "Vera Gonzalez-Quevedo, Reynaldo"]
[Black "Strikovic, Aleksa"]
[Result "1/2-1/2"]
[WhiteElo "2518"]
[BlackElo "2570"]
[PlyCount "28"]
[EventDate "2011.04.18"]
[EventType "swiss"]
[EventRounds "9"]
[EventCountry "ESP"]
[Source "lmi"]
[SourceDate "2011.04.18"]

1. d4 d5 2. c4 e6 3. Nc3 Nf6 4. Bg5 Be7 5. Nf3 c6 6. e3 Nbd7 7. Bd3 O-O 8. O-O
dxc4 9. Bxc4 Nd5 10. Bxe7 Qxe7 11. Rc1 Nxc3 12. Rxc3 e5 13. dxe5 Nxe5 14. Nxe5
Qxe5 1/2-1/2

[Event "4. Open Memorial Pedro Lezcano 2011"]
[Site "Gran Canaria ESP"]
[Date "2011.04.23"]
[Round "8.3"]
[White "Kurajica, Bojan"]
[Black "Del Rey, Diego"]
[Result "1-0"]
[WhiteElo "2531"]
[BlackElo "2364"]
[PlyCount "117"]
[EventDate "2011.04.18"]
[EventType "swiss"]
[EventRounds "9"]
[EventCountry "ESP"]
[Source "lmi"]
[SourceDate "2011.04.18"]

1. Nf3 Nf6 2. d4 g6 3. g3 Bg7 4. Bg2 O-O 5. O-O d6 6. c4 Nc6 7. Nc3 Bf5 8. b3
Ne4 9. Bb2 Nxc3 10. Bxc3 Be4 11. Qd2 d5 12. Rfd1 a5 13. Rac1 e6 14. Ne1 Bxg2
15. Kxg2 a4 16. e3 axb3 17. axb3 Qe7 18. cxd5 exd5 19. Nd3 Rfe8 20. Bb2 Nd8 21.
h4 Qe4+ 22. Kh2 Ne6 23. Rf1 Qf3 24. Qd1 Qxd1 25. Rfxd1 Ra2 26. b4 Bf8 27. Bc3
Rea8 28. b5 Bd6 29. Kg2 R8a4 30. Be1 b6 31. Rb1 Kf8 32. Rdc1 Ra8 33. Bb4 Rd8
34. Bxd6+ Rxd6 35. Nb4 Ra3 36. Ra1 Rxa1 37. Rxa1 Rd8 38. Nc6 Rc8 39. Nb4 Rd8
40. g4 f5 41. gxf5 gxf5 42. Kf3 Kf7 43. Rc1 Rd7 44. Rc6 f4 45. Nd3 Rd6 46. Rxd6
cxd6 47. Nxf4 Nc7 48. Kg4 Kf6 49. Kh5 Kf5 50. f3 Nxb5 51. Nxd5 Na3 52. e4+ Ke6
53. Nxb6 Nb5 54. d5+ Ke5 55. Kg5 h6+ 56. Kg4 Kd4 57. Nc8 Ke3 58. Ne7 h5+ 59.
Kg3 1-0

[Event "4. Open Memorial Pedro Lezcano 2011"]
[Site "Gran Canaria ESP"]
[Date "2011.04.23"]
[Round "8.4"]
[White "Perez Aleman, Pedro Tomas"]
[Black "Barlov, Dragan"]
[Result "0-1"]
[WhiteElo "2108"]
[BlackElo "2472"]
[PlyCount "97"]
[EventDate "2011.04.18"]
[EventType "swiss"]
[EventRounds "9"]
[EventCountry "ESP"]
[Source "lmi"]
[SourceDate "2011.04.18"]

1. e4 c5 2. Nf3 Nc6 3. d4 cxd4 4. Nxd4 e6 5. Nc3 Qc7 6. Be3 Nf6 7. Qd2 a6 8.
O-O-O Bb4 9. f3 d5 10. Bf4 Qe7 11. Bg5 dxe4 12. Nxc6 bxc6 13. fxe4 h6 14. Bxf6
Qxf6 15. e5 Qe7 16. Qe3 Qc5 17. Qxc5 Bxc5 18. g3 Ke7 19. Bg2 Bd7 20. Rd3 Rhd8
21. Ne4 Bb6 22. Nd6 f5 23. Rhd1 Ra7 24. h3 Rc7 25. g4 fxg4 26. hxg4 Rf8 27. Ne4
Be8 28. Nd6 Bg6 29. Be4 Bxe4 30. Nxe4 Rf4 31. Nd6 Rxg4 32. Rf3 Rf4 33. Rdf1
Be3+ 34. Kd1 g5 35. Ke2 Rxf3 36. Rxf3 Bf4 37. Nc4 Kf7 38. Kd3 Kg6 39. Ke4 h5
40. Ra3 h4 41. Nd6 Rh7 42. Rh3 Rh8 43. Rh1 Rb8 44. b3 Rf8 45. Rf1 h3 46. Nb7 h2
47. Nc5 Bxe5 48. Rh1 Bd6 49. Nd3 0-1

[Event "4. Open Memorial Pedro Lezcano 2011"]
[Site "Gran Canaria ESP"]
[Date "2011.04.23"]
[Round "8.5"]
[White "Hernando Rodrigo, Jose Maria"]
[Black "Meneses Gonzalez, Kevin Moises"]
[Result "1-0"]
[WhiteElo "2313"]
[BlackElo "2150"]
[PlyCount "63"]
[EventDate "2011.04.18"]
[EventType "swiss"]
[EventRounds "9"]
[EventCountry "ESP"]
[Source "lmi"]
[SourceDate "2011.04.18"]

1. d4 Nf6 2. Nc3 d5 3. Bg5 Nbd7 4. f3 c6 5. e4 dxe4 6. fxe4 Qa5 7. Qd2 e5 8.
Nf3 Bb4 9. Bd3 exd4 10. Nxd4 Ng4 11. Nf5 g6 12. Nh6 Nxh6 13. Bxh6 Ne5 14. O-O
Be6 15. Bg5 Nd7 16. Kh1 h6 17. Bf4 g5 18. Be3 Bc5 19. Bxc5 Qxc5 20. b4 Qd4 21.
b5 Ne5 22. bxc6 bxc6 23. Nb5 Qd7 24. Qc3 Ng6 25. Qc5 Nf4 26. Rad1 Rd8 27. Nxa7
Qd4 28. Qxd4 Rxd4 29. Nxc6 Rd6 30. Bb5 Rxd1 31. Rxd1 O-O 32. a4 1-0

[Event "4. Open Memorial Pedro Lezcano 2011"]
[Site "Gran Canaria ESP"]
[Date "2011.04.23"]
[Round "8.6"]
[White "Garcia Blanco, Omar"]
[Black "Rodriguez Melian, Jose Luis"]
[Result "1-0"]
[WhiteElo "2209"]
[BlackElo "2141"]
[PlyCount "55"]
[EventDate "2011.04.18"]
[EventType "swiss"]
[EventRounds "9"]
[EventCountry "ESP"]
[Source "lmi"]
[SourceDate "2011.04.18"]

1. e4 e5 2. Nf3 Nf6 3. Nxe5 d6 4. Nf3 Nxe4 5. Nc3 Nxc3 6. dxc3 Be7 7. Bf4 Nc6
8. Qd2 Be6 9. Bd3 Qd7 10. O-O h6 11. Rfe1 Bf6 12. a4 a6 13. b4 Ke7 14. Rab1
Rhb8 15. b5 axb5 16. axb5 Nd8 17. Nd4 Kf8 18. b6 c6 19. Qe3 g5 20. Bg3 Ra5 21.
Qe4 Rba8 22. Rbd1 c5 23. Nxe6+ fxe6 24. Qg6 Bg7 25. Bf5 d5 26. Rxe6 Ra1 27.
Bd6+ Qe7 28. Bxe7+ 1-0

[Event "4. Open Memorial Pedro Lezcano 2011"]
[Site "Gran Canaria ESP"]
[Date "2011.04.23"]
[Round "8.7"]
[White "Natalicchio Escalante, Nicolas"]
[Black "Alvarado Diaz, Alejandro"]
[Result "1/2-1/2"]
[WhiteElo "2201"]
[BlackElo "2104"]
[PlyCount "46"]
[EventDate "2011.04.18"]
[EventType "swiss"]
[EventRounds "9"]
[EventCountry "ESP"]
[Source "lmi"]
[SourceDate "2011.04.18"]

1. d4 d5 2. c4 c6 3. Nc3 Nf6 4. Nf3 e6 5. e3 Nbd7 6. Qc2 Bd6 7. g4 dxc4 8. Bxc4
e5 9. g5 Nd5 10. dxe5 Nxe5 11. Nxe5 Bxe5 12. Bxd5 cxd5 13. f4 Bc7 14. Bd2 O-O
15. Qd3 Be6 16. Nb5 Bb6 17. Nd4 Bg4 18. Rg1 Qd7 19. Qb5 Rfe8 20. Qxd7 Bxd7 21.
Kf2 Re4 22. Bc3 Rae8 23. Rg3 a6 1/2-1/2

[Event "4. Open Memorial Pedro Lezcano 2011"]
[Site "Gran Canaria ESP"]
[Date "2011.04.23"]
[Round "8.9"]
[White "Molina Rodriguez, Borja"]
[Black "Garcia Padron, Jose"]
[Result "0-1"]
[WhiteElo "2079"]
[BlackElo "2434"]
[PlyCount "60"]
[EventDate "2011.04.18"]
[EventType "swiss"]
[EventRounds "9"]
[EventCountry "ESP"]
[Source "lmi"]
[SourceDate "2011.04.18"]

1. e4 e5 2. Nf3 Nc6 3. Bc4 Bc5 4. c3 Nf6 5. d3 d6 6. Bb3 Bb6 7. O-O Ne7 8. Re1
Ng6 9. h3 O-O 10. Nbd2 Nh5 11. Nf1 Nhf4 12. Be3 Kh8 13. Ng3 f5 14. exf5 Bxf5
15. Nxf5 Rxf5 16. d4 e4 17. Nd2 d5 18. Nf1 Qh4 19. Qg4 Qf6 20. Ng3 Rg5 21. Qd1
Rf8 22. Qd2 c6 23. Kh1 Bc7 24. Rg1 Qe6 25. Raf1 Nh4 26. Bd1 Nfxg2 27. Rxg2
Qxh3+ 28. Rh2 Qxg3 29. fxg3 Rxf1+ 30. Bg1 Rxg3 0-1

[Event "4. Open Memorial Pedro Lezcano 2011"]
[Site "Gran Canaria ESP"]
[Date "2011.04.23"]
[Round "8.10"]
[White "Cabrera Trujillo, Jorge"]
[Black "Lopez Pereyra, Antonio"]
[Result "1-0"]
[WhiteElo "2392"]
[BlackElo "2119"]
[PlyCount "85"]
[EventDate "2011.04.18"]
[EventType "swiss"]
[EventRounds "9"]
[EventCountry "ESP"]
[Source "lmi"]
[SourceDate "2011.04.18"]

1. Nf3 d6 2. e4 c5 3. d4 cxd4 4. Nxd4 Nf6 5. Nc3 Nc6 6. g3 e5 7. Nde2 h6 8. Bg2
Be7 9. O-O O-O 10. h3 Be6 11. Be3 a6 12. Qd2 b5 13. b3 Rc8 14. a4 Nb4 15. Rfd1
Nxc2 16. Qxc2 b4 17. Qb2 bxc3 18. Nxc3 Nh7 19. Nd5 Bg5 20. Bb6 Qd7 21. h4 Bd8
22. Bxd8 Qxd8 23. a5 g5 24. hxg5 Nxg5 25. f4 Nh7 26. fxe5 Bxd5 27. Rxd5 Qg5 28.
exd6 Qxg3 29. d7 Rb8 30. Qf2 Qxb3 31. Rad1 Rfd8 32. R1d3 Qb1+ 33. Kh2 Rb5 34.
Qg3+ Ng5 35. Qc7 Ne6 36. Rg3+ Kh7 37. Qe5 Qb2 38. Qf5+ Kh8 39. Qxf7 Rxd5 40.
exd5 Ng5 41. Qe8+ Kh7 42. Qe7+ Kg6 43. Qxd8 1-0

[Event "4. Open Memorial Pedro Lezcano 2011"]
[Site "Gran Canaria ESP"]
[Date "2011.04.23"]
[Round "8.11"]
[White "Menvielle Laccourreye, Augusto"]
[Black "Herrera Reyes, Jose Antonio"]
[Result "0-1"]
[WhiteElo "2265"]
[BlackElo "2111"]
[PlyCount "50"]
[EventDate "2011.04.18"]
[EventType "swiss"]
[EventRounds "9"]
[EventCountry "ESP"]
[Source "lmi"]
[SourceDate "2011.04.18"]

1. e4 c5 2. Nf3 e6 3. d4 cxd4 4. Nxd4 a6 5. Bd3 Qc7 6. Be3 Nf6 7. O-O b5 8. a4
b4 9. c3 Bb7 10. Qf3 d5 11. e5 Nfd7 12. Bf4 Nc6 13. Nxc6 Bxc6 14. cxb4 Bxb4 15.
Qg3 O-O 16. Rc1 Nc5 17. Bc2 d4 18. Nd2 d3 19. Bxd3 Rfd8 20. Rxc5 Bxc5 21. Ne4
Bxe4 22. Bxe4 Rab8 23. b3 Rb4 24. Bh6 g6 25. Re1 Rxe4 0-1

[Event "4. Open Memorial Pedro Lezcano 2011"]
[Site "Gran Canaria ESP"]
[Date "2011.04.23"]
[Round "8.12"]
[White "Viera Falcon, Cristo"]
[Black "Gutierrez Olivares, Daniel"]
[Result "0-1"]
[WhiteElo "1805"]
[BlackElo "2205"]
[PlyCount "58"]
[EventDate "2011.04.18"]
[EventType "swiss"]
[EventRounds "9"]
[EventCountry "ESP"]
[Source "lmi"]
[SourceDate "2011.04.18"]

1. d4 Nc6 2. c4 Nf6 3. Nc3 e5 4. dxe5 Nxe5 5. Qa4 Bc5 6. Bf4 Qe7 7. e3 a5 8.
Be2 Bb4 9. Qc2 Ng6 10. Bg5 h6 11. Bxf6 Qxf6 12. Rc1 Nh4 13. Qe4+ Kd8 14. Nf3
Nxg2+ 15. Kf1 Re8 16. Qg4 Nxe3+ 17. fxe3 Rxe3 18. Nd1 d6 19. Qg2 Re5 20. Nf2
Rxe2 21. Kxe2 Qxb2+ 22. Kd1 Bd7 23. Rc2 Qb1+ 24. Rc1 Qxa2 25. Rc2 Ba4 26. Nd3
Qb1+ 27. Nc1 Ba3 28. Qd2 Bxc1 29. Qxc1 Bxc2+ 0-1

[Event "4. Open Memorial Pedro Lezcano 2011"]
[Site "Gran Canaria ESP"]
[Date "2011.04.23"]
[Round "8.13"]
[White "Alvarado Ascanio, Francisco"]
[Black "Lopez Colon, Francisco"]
[Result "1-0"]
[WhiteElo "2195"]
[BlackElo "2099"]
[PlyCount "85"]
[EventDate "2011.04.18"]
[EventType "swiss"]
[EventRounds "9"]
[EventCountry "ESP"]
[Source "lmi"]
[SourceDate "2011.04.18"]

1. d4 g6 2. c4 Bg7 3. Nc3 d6 4. Nf3 Bg4 5. Qa4+ c6 6. e3 Nf6 7. Be2 O-O 8. h3
Bxf3 9. Bxf3 Nbd7 10. Qc2 e5 11. O-O Qc7 12. b3 d5 13. dxe5 Nxe5 14. Be2 dxc4
15. bxc4 Rfe8 16. Rb1 Rad8 17. Ba3 Ned7 18. Rfd1 Nb6 19. Qb3 Rxd1+ 20. Rxd1 Nc8
21. Bf3 Nd7 22. Ne4 Ne5 23. Be2 b6 24. f4 Nd7 25. Bg4 Nb8 26. Nd6 Nxd6 27. Bxd6
Qb7 28. c5 b5 29. e4 Rxe4 30. Be5 Bxe5 31. fxe5 Rxe5 32. Rd8+ Kg7 33. Qc3 f6
34. Qd4 Re7 35. Qd6 Na6 36. Bc8 Qc7 37. Bxa6 Qxd6 38. cxd6 Re1+ 39. Kf2 Rd1 40.
Bc8 c5 41. Be6 c4 42. Rg8+ Kh6 43. d7 1-0

[Event "4. Open Memorial Pedro Lezcano 2011"]
[Site "Gran Canaria ESP"]
[Date "2011.04.23"]
[Round "8.14"]
[White "Sanchez Quintero, Raul"]
[Black "Martin Hernandez, Ruben"]
[Result "1-0"]
[WhiteElo "2054"]
[BlackElo "2095"]
[PlyCount "101"]
[EventDate "2011.04.18"]
[EventType "swiss"]
[EventRounds "9"]
[EventCountry "ESP"]
[Source "lmi"]
[SourceDate "2011.04.18"]

1. e4 c5 2. Nf3 e6 3. d3 Nc6 4. g3 b5 5. Bg2 Bb7 6. O-O d6 7. Nc3 a6 8. Re1 Qc7
9. d4 cxd4 10. Nxd4 Nf6 11. Bg5 Be7 12. Bxf6 gxf6 13. Nce2 Ne5 14. Nf4 Qb6 15.
c3 h5 16. Nxh5 O-O-O 17. Nf4 Kb8 18. a4 Rdg8 19. axb5 axb5 20. Qb3 Ng4 21. Qxb5
Qxb5 22. Nxb5 Nxh2 23. Red1 f5 24. exf5 Bxg2 25. Kxg2 Ng4 26. Rh1 exf5 27. Nd4
Bg5 28. Rxh8 Rxh8 29. Nh3 Bf6 30. Nxf5 d5 31. f3 Ne5 32. Nf4 Rd8 33. Ra6 Bg5
34. Ne2 Kb7 35. Ra4 Nc4 36. f4 Bf6 37. b3 Nd2 38. g4 Ne4 39. Nfd4 Rc8 40. g5
Bxd4 41. Rxd4 Nxc3 42. Nxc3 Rxc3 43. Rxd5 Kc8 44. b4 Rb3 45. Rf5 Kd8 46. Rxf7
Rxb4 47. Kg3 Ke8 48. g6 Ra4 49. Kg4 Ra1 50. Kg5 Ra2 51. Kf6 1-0

[Event "4. Open Memorial Pedro Lezcano 2011"]
[Site "Gran Canaria ESP"]
[Date "2011.04.23"]
[Round "8.15"]
[White "Arnaiz Yanes, Miguel Angel"]
[Black "Vega Gutierrez, Belinda"]
[Result "0-1"]
[WhiteElo "1980"]
[BlackElo "2255"]
[PlyCount "110"]
[EventDate "2011.04.18"]
[EventType "swiss"]
[EventRounds "9"]
[EventCountry "ESP"]
[Source "lmi"]
[SourceDate "2011.04.18"]

1. d4 d5 2. Nf3 Bg4 3. Ne5 Bf5 4. Bf4 f6 5. Nf3 e6 6. e3 g5 7. Bg3 h5 8. h3 Bd6
9. Bxd6 Qxd6 10. Nc3 Nc6 11. Bd3 O-O-O 12. Bxf5 exf5 13. Qd2 Nge7 14. O-O-O Kb8
15. Kb1 Na5 16. Na4 Nc4 17. Qc3 Qc6 18. Nc5 Nd6 19. Nd2 Rh7 20. h4 b6 21. Qb3
Qb5 22. Qxb5 Nxb5 23. Nd3 Nd6 24. g3 Ng6 25. Nf3 Ne4 26. Rh2 c5 27. dxc5 bxc5
28. c3 Kc7 29. Kc2 Kc6 30. Rdh1 g4 31. Ng1 Ne5 32. Nf4 d4 33. cxd4 cxd4 34.
exd4 Rxd4 35. Nge2 Rd2+ 36. Kb1 Nf3 37. Rc1+ Kb7 38. Rg2 Rhd7 39. Nc3 Nxf2 40.
Nxh5 Nd3 41. Rc2 Nde1 42. Rgxd2 Nxd2+ 43. Kc1 Nxc2 44. Kxc2 Nf1 45. Nxf6 Rd2+
46. Kc1 Rh2 47. Nh5 Rg2 48. Nb5 Nxg3 49. Nxg3 Rxg3 50. Nd6+ Ka6 51. Nxf5 Rf3
52. Nd4 Rf1+ 53. Kd2 g3 54. Ke3 g2 55. Ne2 Re1 0-1

[Event "4. Open Memorial Pedro Lezcano 2011"]
[Site "Gran Canaria ESP"]
[Date "2011.04.23"]
[Round "8.16"]
[White "Buet, Samuel"]
[Black "Perez Rosales, Pedro"]
[Result "1/2-1/2"]
[WhiteElo "1858"]
[BlackElo "2148"]
[PlyCount "66"]
[EventDate "2011.04.18"]
[EventType "swiss"]
[EventRounds "9"]
[EventCountry "ESP"]
[Source "lmi"]
[SourceDate "2011.04.18"]

1. Nf3 Nf6 2. b3 g6 3. Bb2 Bg7 4. d4 O-O 5. e3 b6 6. Bd3 Bb7 7. Nc3 d5 8. Ne2
c5 9. c3 Nc6 10. O-O e5 11. Nxe5 Nxe5 12. dxe5 Ng4 13. e6 f5 14. Nf4 Qd6 15.
Bc4 Rfd8 16. Bb5 g5 17. h3 Nf6 18. Nh5 Qxe6 19. Nxg7 Kxg7 20. c4 dxc4 21. Qh5
c3 22. Qxg5+ Kf8 23. Bxc3 Rd6 24. Bc4 Qe7 25. Qxf5 Qe4 26. Qg5 Ne8 27. f3 Qg6
28. Qf4+ Ke7 29. Rad1 Rad8 30. Qe5+ Kf8 31. Qh8+ Ke7 32. Qe5+ Kf8 33. Qh8+ Ke7
1/2-1/2

[Event "4. Open Memorial Pedro Lezcano 2011"]
[Site "Gran Canaria ESP"]
[Date "2011.04.23"]
[Round "8.17"]
[White "Camino Carrio, Nicanor"]
[Black "Schlittermann, Wolfgang"]
[Result "1-0"]
[WhiteElo "2147"]
[BlackElo "1745"]
[PlyCount "53"]
[EventDate "2011.04.18"]
[EventType "swiss"]
[EventRounds "9"]
[EventCountry "ESP"]
[Source "lmi"]
[SourceDate "2011.04.18"]

1. e4 g6 2. d4 Bg7 3. Nc3 d6 4. f4 e6 5. Nf3 Ne7 6. Be3 b6 7. Bd3 Bb7 8. Qe2
O-O 9. O-O-O c5 10. h4 cxd4 11. Bxd4 Bh6 12. g3 Nbc6 13. Bf6 Bg7 14. Bxg7 Kxg7
15. h5 h6 16. g4 Nb4 17. g5 Rh8 18. Qe3 Nxd3+ 19. Qxd3 Nc6 20. hxg6 fxg6 21.
gxh6+ Rxh6 22. Rxh6 Kxh6 23. Ng5 Qf6 24. Qh3+ Kg7 25. Qh7+ Kf8 26. Qxb7 Qxf4+
27. Kb1 1-0

[Event "4. Open Memorial Pedro Lezcano 2011"]
[Site "Gran Canaria ESP"]
[Date "2011.04.23"]
[Round "8.18"]
[White "Nortes Hernandez, Pedro"]
[Black "Rodriguez Ferraz, Borja"]
[Result "1/2-1/2"]
[WhiteElo "2034"]
[BlackElo "2079"]
[PlyCount "89"]
[EventDate "2011.04.18"]
[EventType "swiss"]
[EventRounds "9"]
[EventCountry "ESP"]
[Source "lmi"]
[SourceDate "2011.04.18"]

1. e4 e5 2. Nf3 Nc6 3. Bb5 a6 4. Bxc6 dxc6 5. O-O Bg4 6. h3 h5 7. d3 Qf6 8.
Nbd2 Bd6 9. Re1 Ne7 10. hxg4 hxg4 11. Nh2 Rxh2 12. Qxg4 Rh4 13. Qf3 Qg6 14. Nf1
O-O-O 15. Ng3 Rdh8 16. Kf1 Bc5 17. Be3 Bxe3 18. Qxe3 Qg4 19. Qf3 Qxf3 20. gxf3
Ng6 21. Ke2 Nf4+ 22. Kd2 Rh2 23. Rf1 R8h3 24. Kc3 c5 25. Rae1 Rg2 26. Nf5 Rhh2
27. Ne3 Rxf2 28. Rxf2 Rxf2 29. Ng4 Rxf3 30. Nxe5 Rf2 31. Rh1 b5 32. Kb3 Ne6 33.
c3 f6 34. Rh8+ Kb7 35. Ng6 Rg2 36. Re8 Rxg6 37. Rxe6 Rg3 38. Kc2 Rg2+ 39. Kb3
a5 40. d4 c4+ 41. Ka3 Rg3 42. Re7 b4+ 43. Ka4 Rg2 44. cxb4 Rxb2 45. bxa5
1/2-1/2

[Event "4. Open Memorial Pedro Lezcano 2011"]
[Site "Gran Canaria ESP"]
[Date "2011.04.23"]
[Round "8.19"]
[White "Acosta Sosa, Juan Manuel"]
[Black "Korneev, Svyatoslav"]
[Result "1/2-1/2"]
[WhiteElo "2066"]
[BlackElo "1846"]
[PlyCount "46"]
[EventDate "2011.04.18"]
[EventType "swiss"]
[EventRounds "9"]
[EventCountry "ESP"]
[Source "lmi"]
[SourceDate "2011.04.18"]

1. d4 Nf6 2. c4 c5 3. d5 b5 4. cxb5 a6 5. b6 d6 6. Nc3 g6 7. e4 Bg7 8. h3 Nbd7
9. Nf3 O-O 10. Be2 Qxb6 11. Qc2 Rb8 12. O-O a5 13. Nb5 a4 14. Rb1 Ba6 15. Na3
Bxe2 16. Qxe2 Ne8 17. Nd2 Nc7 18. Ndc4 Qa6 19. Bg5 Rfe8 20. Qc2 Nb6 21. Nd2 e6
22. Bf4 Red8 23. Ndc4 Nxc4 1/2-1/2

[Event "4. Open Memorial Pedro Lezcano 2011"]
[Site "Gran Canaria ESP"]
[Date "2011.04.23"]
[Round "8.20"]
[White "Leon Manas, Jose Francisco"]
[Black "Gonzalez Intelangelo, Gerardo"]
[Result "0-1"]
[WhiteElo "1697"]
[BlackElo "2061"]
[PlyCount "148"]
[EventDate "2011.04.18"]
[EventType "swiss"]
[EventRounds "9"]
[EventCountry "ESP"]
[Source "lmi"]
[SourceDate "2011.04.18"]

1. b4 e5 2. b5 d5 3. e3 Bd6 4. Bb2 Be6 5. Nf3 Nd7 6. Be2 f6 7. a4 Ne7 8. Na3
O-O 9. c4 c6 10. cxd5 cxd5 11. d4 Qa5+ 12. Nd2 Bb4 13. Nab1 Rac8 14. O-O Bf5
15. Nb3 Qb6 16. Bd3 Qe6 17. dxe5 fxe5 18. Na3 Bc3 19. Bxf5 Qxf5 20. Bxc3 Rxc3
21. Nc1 Rfc8 22. Ne2 Rd3 23. Qb1 Rd2 24. Qxf5 Nxf5 25. Rfe1 Nd6 26. Kf1 Kf7 27.
Rab1 Ne4 28. Rb3 Ndc5 29. Rbb1 Nxa4 30. f3 Nd6 31. Rb4 Nc3 32. Nc4 Rxc4 33.
Rxc4 Nxc4 34. Nxc3 Rd3 35. Rc1 Ke6 36. e4 d4 37. Na4 Ne3+ 38. Ke2 Ra3 39. Nc5+
Ke7 40. g4 Ra2+ 41. Kd3 Ra3+ 42. Kd2 Ra2+ 43. Kd3 Rb2 44. Nxb7 Rxb5 45. Rc7+
Kf6 46. Nd6 Rb3+ 47. Kd2 Rb8 48. Rxa7 h6 49. h4 Rd8 50. Nf7 Rb8 51. g5+ hxg5
52. hxg5+ Ke6 53. g6 Rb2+ 54. Kc1 Rc2+ 55. Kb1 Rc5 56. Ra6+ Kd7 57. Ng5 d3 58.
Nf7 Nc4 59. Kc1 Rb5 60. Ra1 Kc7 61. Kd1 Kb6 62. Rc1 Rb4 63. Rxc4 Rxc4 64. Nxe5
Rd4 65. Kd2 Kb5 66. Kd1 Ka4 67. Kd2 Kb3 68. Nc6 Rd6 69. Ne5 Kb4 70. f4 Kc5 71.
f5 Kd4 72. Nf7 Ra6 73. Ng5 Ra2+ 74. Kd1 Ke3 0-1

[Event "4. Open Memorial Pedro Lezcano 2011"]
[Site "Gran Canaria ESP"]
[Date "2011.04.23"]
[Round "8.21"]
[White "Santos Izquierdo, Carlos"]
[Black "Navarro Molina, David"]
[Result "0-1"]
[WhiteElo "1820"]
[BlackElo "2055"]
[PlyCount "114"]
[EventDate "2011.04.18"]
[EventType "swiss"]
[EventRounds "9"]
[EventCountry "ESP"]
[Source "lmi"]
[SourceDate "2011.04.18"]

1. c4 c5 2. g3 Nf6 3. Bg2 e6 4. Nf3 Qc7 5. Nc3 a6 6. e4 Nc6 7. d3 d6 8. a3 Rb8
9. O-O Be7 10. h3 b5 11. b3 b4 12. Ne2 bxa3 13. Rxa3 O-O 14. Be3 d5 15. exd5
exd5 16. Bf4 Bd6 17. Bxd6 Qxd6 18. Qd2 d4 19. Re1 Nb4 20. Nf4 h6 21. h4 Bf5 22.
Raa1 Rfe8 23. Bh3 Ng4 24. Rxe8+ Rxe8 25. Re1 Rb8 26. Ra1 Qd8 27. Bf1 Rb6 28.
Bg2 g5 29. hxg5 hxg5 30. Nh3 f6 31. Ne1 Qe7 32. Bf1 Re6 33. Nf3 Nh6 34. Nh2 Nf7
35. Qd1 Ne5 36. Qh5 Nexd3 37. Ng4 Bxg4 38. Qxg4 Re4 39. Qf5 Qe6 40. Qg6+ Kf8
41. Bg2 Re5 42. Kh2 Qf7 43. Qh6+ Qg7 44. Qxg7+ Kxg7 45. f4 Re2 46. fxg5 fxg5
47. Kg1 Kg6 48. Bf3 Re3 49. Bb7 g4 50. Nf4+ Nxf4 51. gxf4 Rxb3 52. Be4+ Kf6 53.
Ra5 Re3 54. Bh7 d3 55. Kf2 Rf3+ 56. Ke1 g3 57. Rxc5 g2 0-1

[Event "4. Open Memorial Pedro Lezcano 2011"]
[Site "Gran Canaria ESP"]
[Date "2011.04.23"]
[Round "8.22"]
[White "Guerra Arrocha, Daniel"]
[Black "Lopez De Turiso, Jose Angel"]
[Result "0-1"]
[WhiteElo "1654"]
[BlackElo "2053"]
[PlyCount "80"]
[EventDate "2011.04.18"]
[EventType "swiss"]
[EventRounds "9"]
[EventCountry "ESP"]
[Source "lmi"]
[SourceDate "2011.04.18"]

1. e4 c5 2. Nf3 d6 3. d4 cxd4 4. Nxd4 Nf6 5. Nc3 a6 6. f3 e5 7. Nb3 Be7 8. Be3
Be6 9. Nd5 Nxd5 10. exd5 Bf5 11. Bd3 Bh4+ 12. g3 Bxd3 13. Qxd3 Bg5 14. O-O-O
Nd7 15. Nd2 Rc8 16. Kb1 b5 17. Bxg5 Qxg5 18. Ne4 Qg6 19. Rhe1 f5 20. Nxd6+ Qxd6
21. Qxf5 g6 22. Qe6+ Qxe6 23. dxe6 Nb8 24. Rxe5 Ke7 25. a4 bxa4 26. Rd4 Rc6 27.
Rxa4 Rxe6 28. Rxe6+ Kxe6 29. Rb4 Nd7 30. Ra4 Ra8 31. b4 Kd5 32. Ra5+ Kc6 33. c4
Kb7 34. c5 Ne5 35. Ra3 Nc6 36. Re3 Rd8 37. Re4 Rd4 38. Rxd4 Nxd4 39. Kb2 Nxf3
40. h4 Nd4 0-1

[Event "4. Open Memorial Pedro Lezcano 2011"]
[Site "Gran Canaria ESP"]
[Date "2011.04.23"]
[Round "8.23"]
[White "Machin Arbelo, Pedro Alexis"]
[Black "Capote Robayna, Johanna"]
[Result "0-1"]
[WhiteElo "2057"]
[BlackElo "1780"]
[PlyCount "56"]
[EventDate "2011.04.18"]
[EventType "swiss"]
[EventRounds "9"]
[EventCountry "ESP"]
[Source "lmi"]
[SourceDate "2011.04.18"]

1. d4 Nf6 2. Nc3 g6 3. e4 d6 4. Be2 Bg7 5. Be3 O-O 6. h4 h5 7. Nh3 c6 8. f3 Qa5
9. Qd2 c5 10. dxc5 dxc5 11. O-O-O Nc6 12. Bb5 Rd8 13. Qf2 Bxh3 14. gxh3 Nxe4
15. fxe4 Bxc3 16. Bc4 Ne5 17. Bd5 e6 18. Bg5 exd5 19. bxc3 Nc4 20. Rxd5 Qa3+
21. Kd1 Rxd5+ 22. exd5 Qxc3 23. Rf1 Nb2+ 24. Ke2 Re8+ 25. Be3 Qxc2+ 26. Kf3
Qf5+ 27. Kg2 Qxd5+ 28. Kg1 Nd1 0-1

[Event "4. Open Memorial Pedro Lezcano 2011"]
[Site "Gran Canaria ESP"]
[Date "2011.04.23"]
[Round "8.24"]
[White "Rodriguez Perez, David"]
[Black "Aguilera Suarez, Antonio"]
[Result "1-0"]
[WhiteElo "2029"]
[BlackElo "1829"]
[PlyCount "43"]
[EventDate "2011.04.18"]
[EventType "swiss"]
[EventRounds "9"]
[EventCountry "ESP"]
[Source "lmi"]
[SourceDate "2011.04.18"]

1. e4 e5 2. Nf3 Nc6 3. Bc4 Be7 4. c3 Nf6 5. d3 O-O 6. O-O d6 7. Bb3 Na5 8. Bc2
c5 9. Nbd2 Qc7 10. Re1 Bg4 11. h3 Bh5 12. Nf1 Nc6 13. Ng3 Bg6 14. Nh4 Rfe8 15.
Nhf5 Bf8 16. Qf3 Kh8 17. h4 Ng8 18. Ne3 f6 19. Nd5 Qd8 20. h5 Bf7 21. Bb3 b5
22. Nxf6 1-0